000 00395nam a2200157Ia 4500
003 OSt ‎ 0844231703
005 20240326102203.0
008 170524s9999 xx 000 0 und d
020 _a ‎ 0844231703
040 _cIIMTU MEERUT
100 _aKatz - Barnard
245 0 _aHow to turn customer service into custumer sales
260 _bJaico Pub.
260 _c2004
942 _2ddc
_c02
999 _c6621
_d6621